| 000 | 01200nam a2200265 i 4500 | ||
|---|---|---|---|
| 001 | 163765 | ||
| 003 | ES-MaACL | ||
| 005 | 20250904063104.0 | ||
| 008 | 931025s1786 sp b |||| |dspa d | ||
| 100 | 1 |
_aRodríguez de Castro, José, _d1730-1799 _9166445 |
|
| 245 | 1 | 0 |
_aBiblioteca española _b: tomo segundo, que contiene la noticia de los escritores gentiles españoles, y la de los christianos hasta fines del siglo XIII de la Iglesia / _csu autor D. Joseph Rodriguez de Castro. |
| 260 |
_aEn Madrid : _ben la Imprenta Real, _c1786. |
||
| 300 |
_a[10], 748, [2] p. ; _cFol. |
||
| 530 | _aDisponible en formato digital. | ||
| 597 | _aSign.: [ ]\p1\s, [calderón]\p4\s, A-Z\p4\s, 2A-2Z\p4\s, 3A-3Z\p4\s, 4A-4Z\p4\s, 5A\p4\s, 5B\p3\s. | ||
| 597 | _aTexto a dos col. | ||
| 597 | _aAntep. | ||
| 650 | 4 |
_aEscritores españoles- _yHasta S.XV- _vBiobibliografías. _9166272 |
|
| 710 | 2 |
_aImprenta Real (Madrid) _9134468 |
|
| 752 |
_aEspaña - _d, Madrid |
||
| 852 |
_aES-MaACL _jR-130-31 _z- Enc. hol. _d- _x Olim: B-473-74 |
||
| 856 |
_uhttp://bdh-rd.bne.es/viewer.vm?id=0000046223&page=1 _zBiblioteca Digital Hispánica _z(V. 1-2) |
||
| 942 | _2udc | ||
| 999 |
_c163765 _d163765 |
||